Pamamá: en el escenario internacional /
El documento consiste en un cuaderno que pretende abrir un espacio para la reflexión y el debate crítico acerca de diversos tópicos del quehacer internacional en Panamá, con el propósito de generar y difundir los saberes producto de investigaciones acerca de Panamá y sus conflictos.
Spremljeno u:
| Autor kompanije: | |
|---|---|
| Format: | Nepoznato |
| Jezik: | Spanish |
| Izdano: |
Panamá :
Programa FLACSO PANAMA
2010
|
| Serija: | Cuadernos de Ciencias Sociales;
n°3 |
| Teme: | |
| Oznake: |
Dodaj oznaku
Bez oznaka, Budi prvi tko označuje ovaj zapis!
|
MARC
| LEADER | 00000 a2200000 04500 | ||
|---|---|---|---|
| 001 | 46204 | ||
| 003 | cru CIDCACS/IIS | ||
| 005 | 20230707091844.0 | ||
| 008 | 050701s2009 pn spa d | ||
| 020 | |a [sin ISBN] | ||
| 022 | |a [sin ISBN] | ||
| 040 | |c CRAI-IIS | ||
| 090 | |a 01.02.07 F572c | ||
| 110 | 1 | |9 10569 |a Facultad Latinoamericana de Ciencias Sociales (FLACSO) | |
| 245 | |a Pamamá: |b en el escenario internacional / |c Facultad Latinoamericana de Ciencias Sociales (FLACSO) | ||
| 260 | |a Panamá : |b Programa FLACSO PANAMA |c 2010 | ||
| 300 | |a 55 páginas | ||
| 440 | |a Cuadernos de Ciencias Sociales; |v n°3 | ||
| 520 | |a El documento consiste en un cuaderno que pretende abrir un espacio para la reflexión y el debate crítico acerca de diversos tópicos del quehacer internacional en Panamá, con el propósito de generar y difundir los saberes producto de investigaciones acerca de Panamá y sus conflictos. | ||
| 650 | 0 | |9 845 |a TERRORISMO | |
| 650 | 0 | |9 299 |a MIGRACION | |
| 650 | 0 | |9 944 |a EDUCACION | |
| 650 | 0 | |9 5358 |a DISCRIMINACION | |
| 651 | 0 | |9 353 |a PANAMA | |
| 942 | |2 ddc |c LI | ||
| 999 | |c 1228 |d 1228 | ||
